Tilastot visalle Satakunnan kunnat

Klikkaa tästä pelataksesi tätä visaa!

Yleistilastot

  • Tätä visaa on pelattu 49 kertaa
  • Keskiarvotulos 13 / 16

Vastaustilastot

VäkilukuKunta% Oikein
83 693Pori
100%
39 041Rauma
96%
6 871Harjavalta
88%
6 649Säkylä
83%
11 489Eura
79%
9 454Eurajoki
79%
9 935Huittinen
79%
2 319Karvia
79%
3 063Merikarvia
79%
12 737Ulvila
79%
11 166Kankaanpää
75%
7 016Kokemäki
75%
1 708Jämijärvi
71%
5 255Nakkila
71%
2 063Pomarkku
67%
1 383Siikainen
63%

Tulosjakauma

Persentiili vastausten määrän mukaan

Jokaisen tuloksen saaneiden osuus

Tuloshistoriasi

Et ole pelannut tätä visaa